| 000 | 00592nam a2200241Ia 4500 | ||
|---|---|---|---|
| 003 | OSt | ||
| 005 | 20221005132605.0 | ||
| 006 | a|||||r|||| 00| 0 | ||
| 007 | ta | ||
| 008 | 221004b |||||||| |||| 00| 0 mar d | ||
| 024 | _a40441 | ||
| 037 | _cTextual | ||
| 040 |
_aCRL _cCRL _bmar |
||
| 041 |
_2mar _amar |
||
| 082 | _aU8.1.N5, 155J9 | ||
| 100 |
_aPardey Prabhakar _9641372 |
||
| 245 | 0 | _aUdata galiacha | |
| 260 | _c1959 | ||
| 300 |
_a123p. _ccm. |
||
| 650 | _aGEOGRAPHY | ||
| 942 |
_hU8.1.N5, 155J9 _cTEXL _2cc |
||
| 999 |
_c1064096 _d1064096 |
||